00441nam a2200109Ia 4500008004100000050002500041100002900066245010800095260008600203300002800289521001400317140724s9999 xx 000 0 und d aHF 5438.5b.J91 2010 aJuangco, Dane Kristel A. 4aThe promotional instruments of Southville International School and Colleges /cDane Kristel A. Juangco. aLas Piñas, Philippines :bSouthville International School and Colleges,cc2010. a78 p. :bill. ;c28 cm. aMarketing